[Event "Avoine op 32nd"]
[Site "Avoine"]
[Date "2017.07.29"]
[Round "8"]
[White "Rioland, Paul"]
[Black "De Lussac, Rainier"]
[Result "0-1"]
[WhiteElo "1872"]
[BlackElo "2149"]
[PlyCount "50"]
[EventDate "2017.07.22"]
[EventType "swiss"]
[EventRounds "9"]
[EventCountry "FRA"]
[SourceTitle "CBM 179 Extra"]
[Source "ChessBase"]
[SourceDate "2017.08.23"]
[SourceVersion "1"]
[SourceVersionDate "2017.08.23"]
[SourceQuality "1"]

1. e4 c6 2. d4 d5 3. Nc3 dxe4 4. Nxe4 Nf6 5. Nxf6+ gxf6 6. Bc4 Bf5 7. Nf3 e6 8. a4 Rg8 9. Bf4 Nd7 10. Bg3 Bg4 11. 0-0 f5 12. Re1 Nf6 13. Bh4 Be7 14. Bxf6 Bxf6 15. d5 cxd5 16. Bxd5 Qc7 17. Bb3 Rd8 18. Qe2 Qc6 19. Kf1 Bxf3 20. gxf3 Rd4 21. Qb5 Rh4 22. Qxf5 Ke7 23. Bxe6 fxe6 24. Rxe6+ Qxe6 25. Re1 Rg1+ 0-1

[Event "Avoine op 30th"]
[Site "Avoine"]
[Date "2015.07.18"]
[Round "8"]
[White "Rioland, Paul"]
[Black "Ronce, Nathan"]
[Result "1/2-1/2"]
[WhiteElo "1859"]
[BlackElo "2105"]
[PlyCount "70"]
[EventDate "2015.07.18"]
[EventType "swiss"]
[EventRounds "9"]
[EventCountry "FRA"]
[SourceTitle "EXT 2016"]
[Source "ChessBase"]
[SourceDate "2015.10.08"]
[SourceVersion "1"]
[SourceVersionDate "2015.10.08"]
[SourceQuality "1"]

1. Nf3 c5 2. g3 b6 3. Bg2 Bb7 4. 0-0 Nf6 5. c3 e6 6. d4 d6 7. Qb3 Nbd7 8. Re1 Qc7 9. Nbd2 Rc8 10. e4 cxd4 11. Nxd4 Be7 12. Nb5 Qb8 13. Nc4 Ne5 14. Nxe5 dxe5 15. f3 0-0 16. Be3 Rfd8 17. Rad1 Nd7 18. Bf1 Bc6 19. Na3 Nc5 20. Qc2 Rxd1 21. Rxd1 b5 22. Nb1 a5 23. Nd2 a4 24. Nb1 Be8 25. Nd2 h6 26. Kg2 Qb7 27. Be2 Rc7 28. Bf1 Qc8 29. Qb1 Qb7 30. Qc2 Na6 31. Rc1 Nc5 32. Be2 Rc8 33. Rd1 Na6 34. Qb1 Rc7 35. Rc1 Nc5 1/2-1/2

[Event "FRA-chT U20 GpB 1213"]
[Site "France"]
[Date "2013.01.05"]
[Round "6"]
[White "Rioland, Paul"]
[Black "Dumas, Charles"]
[Result "0-1"]
[WhiteElo "1845"]
[BlackElo "2020"]
[PlyCount "46"]
[EventDate "2012.12.01"]
[EventType "team"]
[EventRounds "7"]
[EventCountry "FRA"]
[SourceTitle "EXT 2014"]
[Source "ChessBase"]
[SourceDate "2013.11.20"]
[SourceVersion "1"]
[SourceVersionDate "2013.11.20"]
[SourceQuality "1"]
[WhiteTeam "Tours (U20)"]
[BlackTeam "Saint Mande U20"]
[WhiteTeamCountry "FRA"]
[BlackTeamCountry "FRA"]

1. e4 c5 2. Nf3 Nc6 3. d4 cxd4 4. Nxd4 Nf6 5. Nc3 d6 6. Be2 e5 7. Nb3 Be7 8. 0-0 0-0 9. Be3 a5 10. f4 a4 11. Nd2 exf4 12. Rxf4 Be6 13. Nc4 Bxc4 14. Bxc4 Ne5 15. Bb5 a3 16. b3 Qa5 17. Nd5 Nxd5 18. Qxd5 Bg5 19. Bd2 Qb6+ 20. Kh1 Bxf4 21. Bxf4 Ng4 22. h3 Nf6 23. Bxd6 Nxd5 0-1

[Event "FRA-chT U20 GpB 1213"]
[Site "France"]
[Date "2013.01.04"]
[Round "4"]
[White "Rioland, Paul"]
[Black "Bellaiche, Elise"]
[Result "0-1"]
[WhiteElo "1845"]
[BlackElo "1976"]
[PlyCount "126"]
[EventDate "2012.12.01"]
[EventType "team"]
[EventRounds "7"]
[EventCountry "FRA"]
[SourceTitle "EXT 2014"]
[Source "ChessBase"]
[SourceDate "2013.11.20"]
[SourceVersion "1"]
[SourceVersionDate "2013.11.20"]
[SourceQuality "1"]
[WhiteTeam "Tours (U20)"]
[BlackTeam "Villepinte (U20)"]
[WhiteTeamCountry "FRA"]
[BlackTeamCountry "FRA"]

1. e4 c5 2. Nf3 Nc6 3. d4 cxd4 4. Nxd4 g6 5. Nc3 Bg7 6. Nb3 Nf6 7. Be2 0-0 8. 0-0 d6 9. Bg5 a6 10. f4 b5 11. Bf3 Bb7 12. Nd5 Nxd5 13. exd5 Nb8 14. c3 Nd7 15. Qe2 Nf6 16. Rad1 Re8 17. Rfe1 Rc8 18. Qd3 Rc4 19. f5 Bc8 20. fxg6 hxg6 21. Nd4 Bb7 22. Ne6 fxe6 23. Qxg6 Rf8 24. Bh6 Ne8 25. Qxe6+ Kh8 26. Bxg7+ Nxg7 27. Qh6+ Kg8 28. Be4 Rxe4 29. Rxe4 Rf6 30. Qh3 Qb6+ 31. Kh1 Qf2 32. Qd3 Kf8 33. h3 Nf5 34. Kh2 Rg6 35. Qf1 Qg3+ 36. Kh1 Rf6 37. Rd3 Qg8 38. Qe1 Bxd5 39. Rg4 Qf7 40. Qd2 Be6 41. Rg5 Bxa2 42. Qf4 Bc4 43. Rd2 e5 44. Qf3 d5 45. Kg1 Nh4 46. Qg4 Nf5 47. Rf2 Bd3 48. Qb4+ Ke8 49. Qc5 Kd7 50. Qa7+ Ke6 51. Qb6+ Nd6 52. Rxf6+ Qxf6 53. Rg3 e4 54. h4 Be2 55. Qc6 Bc4 56. h5 Qf1+ 57. Kh2 Qf4 58. Qc7 e3 59. Qg7 e2 60. Qg6+ Kd7 61. Qg7+ Kc6 62. Qe7 Bd3 63. Qe6 Be4 0-1

[Event "FRA-ch op-C"]
[Site "Pau"]
[Date "2012.08.23"]
[Round "9"]
[White "Rioland, Paul"]
[Black "Dautheville, Simon"]
[Result "1-0"]
[WhiteElo "1749"]
[BlackElo "1782"]
[PlyCount "73"]
[EventDate "2012.08.14"]
[EventType "swiss"]
[EventRounds "11"]
[EventCountry "FRA"]
[SourceTitle "EXT 2014"]
[Source "ChessBase"]
[SourceDate "2013.11.20"]
[SourceVersion "1"]
[SourceVersionDate "2013.11.20"]
[SourceQuality "1"]

1. e4 c5 2. Nf3 d6 3. d4 cxd4 4. Qxd4 a6 5. c4 Nc6 6. Qd2 Nf6 7. Nc3 g6 8. b3 Bg7 9. Bb2 Qa5 10. Rb1 0-0 11. Be2 Bd7 12. 0-0 Qc7 13. Rfc1 e6 14. Rd1 Ne8 15. c5 Rd8 16. cxd6 Qb8 17. Na4 e5 18. Nb6 Bg4 19. Ba3 Nf6 20. Qe3 Nxe4 21. Qxe4 Bf5 22. Qc4 Bxb1 23. Rxb1 Bf6 24. Nd5 Kg7 25. Re1 Rfe8 26. Nxf6 Kxf6 27. Qh4+ Kg7 28. Ng5 h6 29. Ne4 Re6 30. Bc4 g5 31. Qh3 Rg6 32. Qf3 Rd7 33. Ng3 Qd8 34. Bd3 Nd4 35. Qd5 Rgxd6 36. Bxd6 Rxd6 37. Qxe5+ 1-0

[Event "FRA-ch op-C"]
[Site "Pau"]
[Date "2012.08.22"]
[Round "8"]
[White "Rioland, Paul"]
[Black "Vernay, Gaspard"]
[Result "1-0"]
[WhiteElo "1749"]
[BlackElo "1628"]
[PlyCount "79"]
[EventDate "2012.08.14"]
[EventType "swiss"]
[EventRounds "11"]
[EventCountry "FRA"]
[SourceTitle "EXT 2014"]
[Source "ChessBase"]
[SourceDate "2013.11.20"]
[SourceVersion "1"]
[SourceVersionDate "2013.11.20"]
[SourceQuality "1"]

1. e4 e6 2. d4 d5 3. e5 c5 4. c3 Nc6 5. Nf3 Qb6 6. a3 Bd7 7. b4 cxd4 8. cxd4 a6 9. Bb2 Be7 10. Nc3 Nh6 11. Na4 Qc7 12. Bd3 f6 13. 0-0 0-0 14. Re1 fxe5 15. Nxe5 Nxe5 16. dxe5 b5 17. Rc1 Qa7 18. Nc5 Bxc5 19. Rxc5 Rac8 20. Qc2 g6 21. Bxg6 Bc6 22. Bd3 Qf7 23. Bd4 Bd7 24. Qd2 Nf5 25. Rxc8 Bxc8 26. Bc5 Re8 27. Qe2 Bd7 28. h3 Rc8 29. Qg4+ Qg6 30. Bxf5 exf5 31. Qf4 Rc6 32. Re3 Qe8 33. Rd3 Qf7 34. Qd4 Rg6 35. Qxd5 Qxd5 36. Rxd5 Rxg2+ 37. Kf1 Rg7 38. Rd6 f4 39. e6 f3 40. exd7 1-0

[Event "FRA-ch op-C"]
[Site "Pau"]
[Date "2012.08.16"]
[Round "3"]
[White "Lefevre, Michel"]
[Black "Rioland, Paul"]
[Result "0-1"]
[WhiteElo "1695"]
[BlackElo "1749"]
[PlyCount "98"]
[EventDate "2012.08.14"]
[EventType "swiss"]
[EventRounds "11"]
[EventCountry "FRA"]
[SourceTitle "EXT 2014"]
[Source "ChessBase"]
[SourceDate "2013.11.20"]
[SourceVersion "1"]
[SourceVersionDate "2013.11.20"]
[SourceQuality "1"]

1. e4 c5 2. Bc4 e6 3. Nc3 a6 4. a4 Nc6 5. Nf3 Nf6 6. d4 cxd4 7. Nxd4 Qc7 8. Bg5 Nxe4 9. Nxe4 Qe5 10. Be3 Qxe4 11. 0-0 Be7 12. Bd3 Qd5 13. c3 0-0 14. Qc2 h6 15. Be4 Qh5 16. Bf3 Qh4 17. g3 Qf6 18. Nxc6 dxc6 19. Bg2 e5 20. b4 Bf5 21. Qb3 Be6 22. Qc2 Bc4 23. Rfd1 Rfd8 24. Bb6 Rxd1+ 25. Rxd1 Qe6 26. a5 e4 27. Qd2 Bd5 28. Qd4 Bf6 29. Qe3 Re8 30. Re1 Bg5 31. Qd4 f5 32. f4 Bf6 33. Qe3 Re7 34. Bf1 Rd7 35. Rd1 Bb3 36. Rxd7 Qxd7 37. Kf2 Qd1 38. Bd4 Be7 39. Qe2 Qa1 40. Qd2 Kf7 41. c4 Bxb4 42. Qxb4 Qxd4+ 43. Kg2 Bd1 44. Qxb7+ Kg6 45. Qxc6+ Kh7 46. Qd5 Bf3+ 47. Kh3 Bg4+ 48. Kg2 Qb2+ 49. Kg1 e3 0-1

[Event "Avoine op 27th"]
[Site "Avoine"]
[Date "2012.07.28"]
[Round "8"]
[White "Rioland, Paul"]
[Black "Frick, Christoph"]
[Result "0-1"]
[WhiteElo "1749"]
[BlackElo "2258"]
[PlyCount "76"]
[EventDate "2012.07.21"]
[EventType "swiss"]
[EventRounds "9"]
[EventCountry "FRA"]
[SourceTitle "CBM 149 Extra"]
[Source "ChessBase"]
[SourceDate "2012.08.24"]
[SourceVersion "1"]
[SourceVersionDate "2012.08.24"]
[SourceQuality "1"]

1. e4 g6 2. d4 Bg7 3. Nc3 d6 4. Be3 a6 5. f4 b5 6. Bd3 Bb7 7. Nce2 Nf6 8. Ng3 h5 9. Qf3 e6 10. Nh3 Nbd7 11. Ng5 Qe7 12. 0-0-0 Ng4 13. h3 Nxe3 14. Qxe3 0-0-0 15. Rhf1 Kb8 16. Kb1 Bh6 17. c4 f6 18. Nf3 e5 19. Ne2 exf4 20. Nxf4 bxc4 21. Bc2 Qf7 22. g4 Rde8 23. Nd2 f5 24. gxf5 gxf5 25. Qc3 fxe4 26. Qxc4 d5 27. Qb4 Bxf4 28. Ba4 Bxd2 29. Qxb7+ Kxb7 30. Rxf7 e3 31. Kc2 e2 32. Kxd2 exd1Q+ 33. Kxd1 Nb6 34. Bxe8 Rxe8 35. Rf5 h4 36. Kd2 Kc6 37. b3 Kd7 38. Kd3 Rg8 0-1